000
00266nam a22001217a 4500
008
180912b xxu||||| |||| 00| 0 eng d
041
_a
eng
080
_a
159.9
100
_a
49
101
_a
PSI
245
_a
Modern Clinical Psychiatry
_c
Kolb,N
942
_2
udc
_c
BK
999
_c
47699
_d
47699